[Rezension von: Werner Busch, Das sentimentalische Bild, die Krise der Kunst im 18. Jahrhundert und die Geburt der Moderne]
Saved in:
| Published in: | Kritische Berichte 22(1994), 4, Seite 70-73 |
|---|---|
| Main Author: | |
| Document Type: | Online Resource Article |
| Language: | German |
| Subjects: | |
| Online Access: | kostenfrei kostenfrei |
| Related Items: | Enthalten in:
Kritische Berichte Rezension von: Das sentimentalische Bild |
| Author Notes: | Michael Hesse |
| LEADER | 02653caa a2200553 c 4500 | ||
|---|---|---|---|
| 001 | 1469229919 | ||
| 003 | DE-627 | ||
| 005 | 20260303135356.0 | ||
| 007 | cr cn 008aaaaa | ||
| 008 | 131219s1994 xx |||||oo 00| ||ger c | ||
| 024 | 7 | |a urn:nbn:de:bsz:16-kb-104583 |2 urn | |
| 024 | 7 | |a 10.11588/kb.1994.4.10458 |2 doi | |
| 035 | |a (DE-627)1469229919 | ||
| 035 | |a (DE-576)399229914 | ||
| 035 | |a (DE-599)BSZ399229914 | ||
| 035 | |a (OCoLC)1263331507 | ||
| 040 | |a DE-627 |b ger |c DE-627 |e rda | ||
| 041 | |a ger | ||
| 084 | |a 9,10 |2 ssgn | ||
| 100 | 1 | |a Hesse, Michael |d 1951-2024 |e VerfasserIn |0 (DE-588)128447028 |0 (DE-627)372676596 |0 (DE-576)187263272 |4 aut | |
| 245 | 1 | 0 | |a [Rezension von: Werner Busch, Das sentimentalische Bild, die Krise der Kunst im 18. Jahrhundert und die Geburt der Moderne] |c Michael Hesse |
| 264 | 3 | |a Heidelberg |b arthistoricum.net |c [2013] | |
| 300 | |a 4 | ||
| 336 | |a Text |b txt |2 rdacontent | ||
| 337 | |a Computermedien |b c |2 rdamedia | ||
| 338 | |a Online-Ressource |b cr |2 rdacarrier | ||
| 500 | |a Elektronische Reproduktion der Druckausgabe | ||
| 583 | 1 | |a Archivierung/Langzeitarchivierung gewährleistet |x XA-DE-BW |2 pdager |5 DE-16 | |
| 655 | 7 | |a Rezension |0 (DE-588)4049712-4 |0 (DE-627)106186019 |0 (DE-576)209083166 |2 gnd-content | |
| 689 | 0 | 0 | |d s |0 (DE-588)4114333-4 |0 (DE-627)105822957 |0 (DE-576)209483733 |a Kunst |2 gnd |
| 689 | 0 | 1 | |d s |0 (DE-588)4039827-4 |0 (DE-627)104658711 |0 (DE-576)209036745 |a Moderne |2 gnd |
| 689 | 0 | 2 | |d s |0 (DE-588)4060560-7 |0 (DE-627)106139118 |0 (DE-576)209135743 |a Tradition |2 gnd |
| 689 | 0 | 3 | |a z |2 gnd |a Geschichte 1700-1800 |
| 689 | 0 | |5 (DE-627) | |
| 773 | 0 | 8 | |i Enthalten in |t Kritische Berichte |d Heidelberg : arthistoricum.net, 1973 |g 22(1994), 4, Seite 70-73 |h Online-Ressource |w (DE-627)751049069 |w (DE-600)2722286-X |w (DE-576)385942125 |x 2197-7410 |7 nnas |
| 773 | 1 | 8 | |g volume:22 |g year:1994 |g number:4 |g pages:70-73 |g extent:4 |
| 787 | 0 | 8 | |i Rezension von |a Busch, Werner, 1944 - |t Das sentimentalische Bild |d München : Beck, 1993 |h 537 S. |w (DE-627)132193809 |w (DE-576)035542683 |z 3406375545 |
| 856 | 4 | 0 | |u http://nbn-resolving.de/urn:nbn:de:bsz:16-kb-104583 |x Verlag |x Resolving-System |z kostenfrei |3 Volltext |7 0 |
| 856 | 4 | 0 | |u http://dx.doi.org/10.11588/kb.1994.4.10458 |x Verlag |x Resolving-System |z kostenfrei |3 Volltext |7 0 |
| 935 | |h SWB |i ld | ||
| 951 | |a AR | ||
| 994 | |u https://ahnp.ub.uni-heidelberg.de/journals/kb/article/view/10458 | ||
| 994 | |u https://ahnp.ub.uni-heidelberg.de/journals/kb/article/view/10458/4314 | ||
| 990 | |a Kunst | ||
| 990 | |a Moderne | ||
| 990 | |a Tradition | ||
| 990 | |a Geschichte 1700-1800 | ||
| 991 | |a Rezension (Monographie, Zeitschrift, Aufsatz) | ||
| 999 | |a KXP-PPN1469229919 |e 4001638991 | ||


